000 00606nam a22001937a 4500
999 _c179287
_d179287
005 20210604142116.0
010 _aB-739983
020 _a9780333934593
_c215.00
035 _aB-739983
037 _bGift
082 _a350.00954
100 _aMaheshwari, S.R.
245 _aPublic administration in India:
_ban introduction /
_cby S.R. Maheshwari
260 _aChennai
_bMacmillan Publishers
_c2011
300 _ax, 400p.
_c21cm(pbk)
500 _aIncludes index
942 _2ddc
_cEN
_mMAH
_h350.00954